Total War: Warhammer - Beastmen Roster - Statistics

General Stats
  • This quiz has been taken 13 times
  • The average score is 28 of 35
Answer Stats
Type Unit % Correct
Lords Beastlord
90%
Heroes Bray-Shaman
90%
Cavalry & Chariots Centigors
90%
Cavalry & Chariots Centigors (Great Weapons)
90%
Missile Cavalry & Chariots Centigors (Throwing Axes)
90%
Monsters & Beasts Jabberslythe
90%
Legendary Lords Khazrak the One-Eye
90%
Legendary Lords Malagor the Dark Omen
90%
Monsters & Beasts Minotaurs
90%
Monsters & Beasts Minotaurs (Great Weapons)
90%
Monsters & Beasts Minotaurs (Shields)
90%
Legendary Lords Morghur the Shadowgave
90%
Monsters & Beasts Razorgor Herd
90%
Legendary Lords Taurox the Brass Bull
90%
Infantry Bestigor Herd
80%
Lords Doombull
80%
Monsters & Beasts Ghorgon
80%
Monsters & Beasts Giant
80%
Heroes Gorebull
80%
Infantry Gor Herd
80%
Infantry Gor Herd (Shields)
80%
Monsters & Beasts Harpies
80%
Cavalry & Chariots Razorgor Chariots
80%
Infantry Ungor Herd
80%
Missile Infantry Ungor Raiders
80%
Monsters & Beasts Chaos Warhounds
70%
Monsters & Beasts Chaos Warhounds (Poison)
70%
Monsters & Beasts Cygor
70%
Lords Great Bray-Shaman
70%
Infantry Ungor Spearmen Herd
70%
Infantry Ungor Spearmen Herd (Shields)
70%
Heroes Wargor
70%
Monsters & Beasts Chaos Spawn
60%
Monsters & Beasts Feral Manticore
50%
Cavalry & Chariots Tuskgor Chariots
50%
No matching quizzes found
Score Distribution
Percent of People with Each Score
Percentile by Number Answered
Your Score History
You have not taken this quiz